Podnikové hospodárstvo pre manažérov

Saved in:
Bibliographic Details
Main Authors Majdúchová, Helena, 1963- (Author), Rybárová, Daniela (Author)
Format Book
LanguageSlovak
Published Bratislava : Wolters Kluwer, 2025
Edition2. prepracované a doplnené vydanie
Subjects
ISBN978-80-571-0804-7
Physical Description284 stran : ilustrace ; 24 cm

Cover

LEADER 00000nam a2200000 i 4500
001 115461
003 CZ ZlUTB
005 20260408130206.0
007 ta
008 260408s2025 xo a e p 000 0 slo d
020 |a 978-80-571-0804-7  |q (brožováno) 
040 |a ZLD002  |b cze  |e rda 
072 7 |a 658  |x Řízení a správa podniku  |2 Konspekt  |9 4 
072 7 |a 37.016  |x Učební osnovy. Vyučovací předměty. Učebnice  |2 Konspekt  |9 22 
080 |a 658  |2 MRF 
080 |a (075.8)  |2 MRF 
100 1 |a Majdúchová, Helena,  |d 1963-  |7 mzk2008473236  |4 aut 
245 1 0 |a Podnikové hospodárstvo pre manažérov /  |c Helena Majdúchová, Daniela Rybárová 
250 |a 2. prepracované a doplnené vydanie 
264 1 |a Bratislava :  |b Wolters Kluwer,  |c 2025 
300 |a 284 stran :  |b ilustrace ;  |c 24 cm 
336 |a text  |b txt  |2 rdacontent 
337 |a bez média  |b n  |2 rdamedia 
338 |a svazek  |b nc  |2 rdacarrier 
504 |a Obsahuje bibliografie a bibliografické odkazy 
650 0 7 |a podniková ekonomika  |7 ph115762  |2 czenas 
650 0 7 |a podnikový management  |7 ph115763  |2 czenas 
650 0 9 |a managerial economics  |2 eczenas 
650 0 9 |a industrial management  |2 eczenas 
655 7 |a učebnice vysokých škol  |7 fd133772  |2 czenas 
655 9 |a textbooks (higher)  |2 eczenas 
700 1 |a Rybárová, Daniela  |7 mzk2005317817  |4 aut 
710 2 |a Wolters Kluwer (firma)  |7 xx0342201  |4 pbl 
910 |a ZLD002 
942 |2 udc 
952 |0 0  |1 0  |4 0  |5 0  |6 658MAJDÚCHOVÁH  |7 0  |8 BOOK  |9 190676  |a UTBZL  |b UTBZL  |c 005  |d 2026-04-08  |l 0  |o 658/MAJDÚCHOVÁ,H.  |p 420010201918  |r 2026-04-08 12:59:27  |v 752.00  |w 2026-04-08  |x N:nákup  |y 01 
992 |b SKNEW 
999 |c 115461  |d 115461